Normal view
MARC view
Entry Topical Term
001 - CONTROL NUMBER
- control field: 12447
003 - CONTROL NUMBER IDENTIFIER
- control field: ARRUPE
005 - DATE AND TIME OF LATEST TRANSACTION
- control field: 20141106121857.0
008 - FIXED-LENGTH DATA ELEMENTS
- fixed length control field: 141106|| aca||aabn | a|a d
040 ## - CATALOGING SOURCE
- Original cataloging agency: ARRUPE
- Transcribing agency: ARRUPE
150 ## - HEADING--TOPICAL TERM
- Topical term or geographic name as entry element: Physicists
- General subdivision: Biography
- Geographic subdivision: Austria
670 ## - SOURCE DATA FOUND
- Source citation: Work cat.: (ARRUPE)18727: Moore, Walter 12445, A Life of Erwin Schrodinger